Convención general del partido conservador tradicionalista
Saved in:
| Format: | Bog |
|---|---|
| Sprog: | spansk |
| Udgivet: |
Santiago
Chile
1950
|
| Fag: | |
| Tags: |
Tilføj Tag
Ingen Tags, Vær først til at tagge denne postø!
|
MARC
| LEADER | 00000nam a2200000 a 4500 | ||
|---|---|---|---|
| 001 | UCP7247 | ||
| 003 | CL-VaPUC | ||
| 005 | 20220315074418.0 | ||
| 008 | 991203e19500000cl 1 spa d | ||
| 082 | 0 | 4 | |a 324.283 |b CON |2 21 |
| 245 | 1 | 0 | |a Convención general del partido conservador tradicionalista |
| 260 | |a Santiago |b Chile |c 1950 | ||
| 300 | |a 179 p | ||
| 583 | |a last modification |c 19991203 00:00:00 |k Rodrigo Vera | ||
| 650 | 0 | 0 | |a Partidos políticos |9 254999 |
| 650 | 0 | 7 | |a PARTIDO CONSERVADOR |2 CL-VaPUC |9 405101 |
| 650 | 0 | 0 | |a Congresos |9 257560 |
| 650 | 0 | 7 | |a ESTATUTOS |2 CL-VaPUC |9 259253 |
| 651 | 7 | |a CHILE |2 CL-VaPUC |9 619653 | |
| 942 | |c BK | ||
| 945 | |a crobeson |d 19991203 00:00:00 | ||
| 546 | |a En Español | ||
| 518 | |p Convención General del Partido Conservador Tradicionalista, Santiago, 12 al 15 de agosto de 1950 | ||
| 999 | |c 383504 |d 383502 | ||
| 952 | |0 0 |1 0 |4 0 |6 324_283000000000000_CON_1950 |7 0 |8 A |9 505635 |a BIBHIS |b BIBHIS |d 2020-01-23 |i 1372149 |l 1 |o 324.283 CON 1950 |p 1372149 |r 2025-04-09 |s 2025-03-13 |w 2020-01-23 |y BK |k HIS | ||